Statistics for States with limited recognition

Click here to take the quiz!

General Stats

  • This quiz has been taken 12 times
  • The average score is 10 of 17

Answer Stats

Independence DeclaredAnswer% Correct
2008Kosovo
91%
1912 / 1949Taiwan
91%
1988Palestine
82%
1948North Korea
73%
1976Sahrawi Arab Democratic Republic
73%
1948South Korea
73%
1948Israel
64%
1992South Ossetia
64%
1990Transnistria
64%
1999Abkhazia
55%
1949China
55%
1991Somaliland
55%
1991Armenia
45%
1960Cyprus
45%
1983Northern Cyprus
45%
1965Cook Islands
9%
1974Niue
9%

Score Distribution

Percentile by Number Answered

Percent of People with Each Score

Your Score History

You have not taken this quiz